[Event "Candidates final"]
[Site "El Escorial"]
[Date "1993.??.??"]
[Round "5"]
[White "Timman, Jan H"]
[Black "Short, Nigel D"]
[Result "1/2-1/2"]
[WhiteElo "2635"]
[BlackElo "2655"]
[Annotator "Ftacnik,Lubomir"]
[PlyCount "92"]
[EventDate "1993.01.??"]
[EventType "match"]
[EventRounds "13"]
[EventCountry "ESP"]
[SourceTitle "Candidates"]
[Source "ChessBase"]
[SourceDate "1999.07.01"]
[SourceVersion "2"]
[SourceVersionDate "1999.07.01"]
[SourceQuality "1"]

1. d4 d5 2. c4 e6 3. Nc3 Nf6 4. cxd5 exd5 5. Bg5 c6 (5... Be7 6. e3 O-O 7. Qc2 c6 8. Bd3 Nbd7 9. Nf3 (9. Nge2 Re8 10. O-O Nf8 {Timman,J-Short,N/Amsterdam/1992/}) 9... Re8 10. O-O Nf8 11. Rae1 Ne4 12. Bxe7 Qxe7 13. Bxe4 dxe4 14. Nd2 f5 15. f3 {Timman,J-Short,N/Amsterdam/1988/}) 6. e3 Bf5 7. Qf3 Bg6 8. Bxf6 Qxf6 9. Qxf6 gxf6 10. Rd1 (10. Kd2 Nd7 11. Bd3 a5 12. Nf3 Nb6 13. b3 Kd7 {Ivanchuk,V-Short,N/Linares/1992/}) ({RR} 10. g3 Nd7 11. Nf3 Nb6 12. Nh4 a5 13. f4 f5 14. Bd3 Nc4 15. O-O-O Nd6 16. Rhg1 Be7 17. Nf3 Bh5 18. Rdf1 Bxf3 19. Rxf3 h5 20. h4 a4 21. a3 Kd7 22. Ne2 Rag8 23. Nc3 b5 24. Rff1 Rg6 {Sevian,S (2684)-Niemann,H (2688) Chess.com INT 2022 0-1 (36)}) ({RR} 10. O-O-O Nd7 11. Bd3 Rg8 12. g3 Nb6 13. Nf3 Bh5 14. Be2 Bb4 15. Nh4 Bg6 16. Bd3 Bxc3 17. bxc3 Bxd3 18. Rxd3 Kd7 19. Rd2 Nc4 20. Re2 Nd6 21. Ng2 a5 22. Nf4 a4 23. Kc2 f5 24. Rb1 Kc7 {Beliavsky,A (2618)-Short,N (2675) Batumi 1999 ½-½ (34)}) 10... Nd7 ({RR} 10... a5 11. h4 h5 12. Bd3 Nd7 13. Rh3 a4 14. Nge2 Bd6 15. Rf3 Rg8 16. Kf1 b5 17. Nf4 b4 18. Nce2 Rb8 19. Rc1 Rb6 20. Rg3 Nf8 21. b3 Rh8 22. Nxg6 fxg6 23. Nf4 Bxf4 24. exf4 axb3 25. axb3 {Dahl,C (2387)-Labruyere,R (2281) Dortmund GER 2025 1-0 (57)}) 11. Bd3 Nb6 12. Nge2 $146 ({RR} 12. b3 a5 13. a4 Bb4 14. Nge2 Nc8 15. O-O Nd6 16. Na2 Ba3 17. Nac3 Bb4 18. Na2 Ba3 19. Nac3 Bb4 20. Na2 {½-½ (20) Dreev,A (2649)-Kuzubov,Y (2655) Saint Louis 2018}) 12... Kd7 13. e4 $6 (13. h4) 13... dxe4 14. Bxe4 Re8 15. Bd3 Bb4 16. O-O Kc7 17. Ng3 $6 (17. a3 $5 Bxc3 18. Nxc3) 17... Bxc3 18. bxc3 Na4 $15 19. f4 $2 (19. Bxg6 hxg6 20. c4 Rh4 $15) 19... Nxc3 20. f5 Nxd1 21. Rxd1 Re7 22. Kf2 Rd8 23. fxg6 fxg6 24. Ne2 f5 25. g3 b5 26. Bc2 Kb6 (26... c5 $1) 27. Nc1 a5 28. a4 Rd6 29. Rd3 Rde6 30. Bd1 (30. d5 cxd5 31. Rxd5 Rc6 $19) 30... Re1 31. d5 Rh1 32. d6 (32. Kg2 Ree1 33. Bb3 cxd5 34. Ne2) 32... Rd7 33. Kg2 Re1 34. Ne2 (34. Kf2 Re6) 34... Kc5 35. Kf2 Rh1 36. Kg2 Rxd1 $5 (36... Re1 37. Kf2 $10) 37. Rxd1 Rxd6 38. Rc1+ Kb4 39. axb5 cxb5 40. Rb1+ Kc5 41. Kf2 a4 (41... b4 42. Ke3 a4 43. Rc1+ $13) (41... Rd3 $5 42. Nf4 Rd2+ 43. Ne2 Rc2 44. Ke3 Kc4 $15) (41... b4) 42. Nc3 Rb6 (42... Rd2+ 43. Ke3 Rxh2 44. Nxb5 Rc2 $5) 43. Rc1 (43. Ke3 Kc4 44. Kd2 (44. Nxa4 $2 Re6+) 44... a3 45. Ne2 Rd6+ $1 (45... b4 46. Rc1+ Kb3 47. Nd4+ Ka4 48. Rc8 $1)) 43... Kd4 44. Ne2+ Kd3 45. Rc3+ Kd2 46. Ra3 Rd6 {Short bietet in klar besserer Stellung remis an.} (46... Rd6 47. Ra2+ (47. Nc3 $2 b4 48. Nb1+ Kc2 49. Rxa4 Rb6 $3 50. Na3+ Kb3 $19) 47... Kd3 48. Ra3+ Kc4 $17) 1/2-1/2

[Event "Nussloch"]
[Site "Nussloch"]
[Date "1996.??.??"]
[Round "8"]
[White "Sokolov, Ivan"]
[Black "Dautov, Rustem"]
[Result "1/2-1/2"]
[WhiteElo "2665"]
[BlackElo "2615"]
[Annotator "Dautov,Rustem"]
[PlyCount "122"]
[EventDate "1996.??.??"]
[EventType "tourn"]
[EventRounds "11"]
[EventCountry "GER"]
[EventCategory "15"]
[SourceTitle "CBM 053"]
[Source "ChessBase"]
[SourceDate "1996.08.01"]
[SourceVersion "1"]
[SourceVersionDate "1996.08.01"]
[SourceQuality "1"]

1. d4 Nf6 2. c4 e6 3. Nc3 d5 4. cxd5 exd5 5. Bg5 c6 6. e3 Bf5 7. Qf3 Bg6 8. Bxf6 Qxf6 9. Qxf6 gxf6 10. h4 (10. Nge2) (10. Kd2) (10. Rd1) 10... h5 (10... Nd7 11. h5 Bf5 12. Nf3 $14 {h4}) 11. Nh3 (11. g3 Bd6 12. Nge2 Nd7 13. Bh3 Nb6 14. O-O-O Nc4 15. Rde1 Kd8 $6 16. Nf4 Kc7 17. Nxg6 fxg6 18. e4 dxe4 19. Rxe4 f5 20. Re6 $14 {Drasko,M-Pedersen,H/Copenhagen op/1989/}) 11... Bd6 {N} (11... Nd7 12. Nf4 Bd6 13. g3 Bxf4 14. gxf4 Bf5 15. f3 Rd8 16. Kf2 Nb6 17. Be2 Ke7 18. b4 Be6 19. a4 $14 {Drasko,M-Bellini,F/Montecatini Terme /1995}) 12. Be2 $6 (12. g3 $142) ({RR} 12. g3 Nd7 13. Nf4 Ke7 14. f3 a5 15. Kf2 Nf8 16. Bh3 Rh6 17. Rac1 Ne6 18. Rhd1 f5 19. Nce2 Kf6 20. Nd3 Rhh8 21. f4 Rhc8 22. Ne5 Bh7 23. Nc3 Ke7 24. Bg2 f6 25. Nd3 Bg8 26. Na4 Rc7 {Maghsoodloo,P (2701)-Van Foreest,J (2678) Chess.com INT 2022 ½-½ (60)}) ({RR} 12. g3 a5 13. Nf4 Nd7 14. Rc1 a4 15. a3 Kf8 16. Bh3 Nb6 17. Nxg6+ fxg6 18. Bf1 Kf7 19. Bd3 Rhe8 20. O-O f5 21. Kg2 Re7 22. Rfd1 Rae8 23. Bc2 Ra8 24. Bd3 Kf6 25. Nb1 Ra5 26. Nd2 Nd7 {Nguyen Hong Anh (1971)-Mester,P (2299) chess.com INT 2026 1-0 (107)}) 12... Nd7 13. Rc1 Nb6 $146 ({RR} 13... Ke7 14. g3 Bf5 15. Nf4 Bxf4 16. gxf4 Rag8 17. Kd2 Rg2 18. Rcg1 Rhg8 19. Rxg2 Rxg2 20. Ke1 Nb6 21. b3 Kf8 22. Bxh5 Rg7 23. Bf3 Rh7 24. Ne2 Kg7 25. Ng3 Bb1 26. a3 Bc2 27. Bd1 Bb1 28. Kd2 {Manteiga,F (2006)-Cahuapaza Tarapaca,L (2034) chess.com INT 2024 1-0 (46)}) ({RR} 13... Ke7 14. g3 Bf5 15. Nf4 Bxf4 16. gxf4 Rag8 17. Kd2 Rg2 18. Rcg1 Rhg8 19. Rxg2 Rxg2 20. Ke1 Nb6 21. b3 Kf8 22. Bxh5 Rg7 23. Bf3 Rh7 24. Ne2 Kg7 25. Ng3 Bb1 26. a3 Bc2 27. Bd1 Bb1 28. Kd2 {Manteiga,F (2006)-Cahuapaza Tarapaca,L (2034) chess.com INT 2024 1-0 (46)}) 14. g3 Nc4 $5 (14... Kd7 $10) 15. Bxc4 dxc4 16. Nf4 Bf5 $5 (16... O-O-O $2 17. Nxg6 fxg6 18. Ne4 $16) (16... b5 $6 17. Nxg6 fxg6 18. Ne4 Be7 19. b3 cxb3 20. axb3 $14) (16... Bxf4 17. gxf4 O-O-O 18. f3 b5 19. Kf2 Bd3 (19... a6 $5 {} 20. e4 $2 f5 21. Ke3 fxe4 22. fxe4 Rhe8 $15) 20. Rhg1 Rhg8 $10) 17. f3 O-O-O $2 (17... b5 18. Kf2 Ke7 (18... Bd7 $2 19. Ne4 Be7 20. b3 cxb3 21. axb3 $16) 19. Nxh5 (19. e4 Bd7 $13) 19... Rxh5 20. g4 Rh7 21. gxf5 Rah8 $10) 18. Kf2 b5 19. Nxh5 $1 Rxh5 20. g4 $16 Bxg4 (20... Rh7 21. gxf5 Rdh8 22. Ne4 Be7 23. b3 cxb3 24. axb3 Kb7 25. Rcg1 $16) 21. fxg4 Rh6 22. Ne4 Kd7 23. Kf3 (23. b3 $5 cxb3 24. axb3 a5 25. Nxd6 Kxd6 26. Rc5 Ra8 27. Rhc1 Ra6 28. h5 a4 29. b4 $1 (29. bxa4 bxa4 30. Ra1 Rh8 31. Ra3 Rg8 32. Kf3 Rg5 $132) 29... a3 30. Kf3 a2 31. Ra1 Rh8 (31... Ra4 32. Kf4 Rh8 (32... Rxb4 33. Rxa2 $16) 33. Kf5 Rha8 34. Rc2 $16) 32. Kf4 Ra3 33. Rc2 Rha8 34. h6 $16) 23... a5 24. h5 a4 25. a3 Rg8 (25... Bf8 26. Ng3 Rh8 27. Nf5 Bh6 28. Rcd1 Ke6 29. e4 $16 {d5}) 26. Rcf1 Ke6 27. Rh4 Bc7 (27... Rg7 28. Ke2 Rg8 29. Kd2 $1 (29. Rf5 $2 c3 30. Nxc3 Rxg4 $10) 29... Rg7 30. Rf5 Rg8 31. Nxd6 Kxd6 32. e4 $16) 28. Ke2 Bb8 29. Nc5+ Ke7 30. Rf5 Bg3 31. Rh3 Bd6 32. Kf3 Rg5 $2 $138 33. Ne4 $2 $138 (33. Rxg5 $1 fxg5 34. Ne4 $1 f6 35. Nxd6 Kxd6 36. Ke4 Ke6 (36... c5 37. Rf3 cxd4 38. exd4 $18) 37. Rh1 $22 Rh8 38. h6 Kf7 39. Kf5 Re8 40. h7 Kg7 41. e4 Kh8 42. e5 fxe5 43. dxe5 c5 44. e6 $18) 33... Rxf5+ (33... Rg8 34. Nxd6 Kxd6 35. Kf4 Ke6 36. Rh1 Ke7 37. Rd1 Kd6 38. e4 $16) 34. gxf5 Bc7 (34... Kd7 $5 35. Nxd6 (35. Rh1 Bf8 36. Ke2 c5 $132) (35. Nf2 $2 c3 $1 36. bxc3 Ke7 $13) 35... Kxd6 36. e4 c5 37. Ke3 Kc6 38. Rh1 (38. e5 $2 Kd5) 38... Kd6 39. dxc5+ (39. d5 Ke5 40. Kf3 b4 $132) 39... Kxc5 40. Kf4 c3 (40... b4 41. axb4+ Kxb4 42. Rh3 c3 $1) 41. bxc3 Kc4 42. Kg4 Kxc3 43. Rb1 Kc4 44. Rb4+ Kc5 $132) 35. Ke2 Kf8 36. Nf2 Ke7 (36... Kg7 $2 37. Ng4 Rh8 38. h6+ $18) 37. Kd2 Bd8 38. Kc3 Ba5+ 39. Kc2 Bd8 40. Ng4 Rh8 41. h6 Kf8 $1 {g8-h7} 42. e4 Kg8 43. d5 c5 $1 (43... cxd5 $2 44. exd5 Kh7 45. Re3 Rg8 46. Re4 Rg5 47. d6 Rxf5 48. Re7 $1 Kg6 49. Re8 $18) 44. e5 fxe5 45. Nxe5 Bf6 $1 46. h7+ (46. Ng4 Bd4 47. h7+ (47. d6 $2 Kh7 $17) 47... Kf8 48. f6 Ke8 49. Rh5 Kd7 $10) 46... Rxh7 47. Rxh7 Kxh7 48. Nxf7 b4 $10 49. Nd6 c3 (49... b3+ $2 50. Kb1 c3 51. bxc3 Bxc3 52. Ne4 Be5 53. d6 c4 54. d7 Bc7 55. Ng5+ $18) 50. bxc3 Bxc3 51. Ne4 Bd4 (51... Be5 52. d6 bxa3 53. Kb1 Kg7 54. d7 Bc7 55. Ka2 Kf7 56. Nxc5 Ke7 $10) 52. d6 bxa3 53. Kb1 c4 54. Ka2 Kg7 55. d7 Bb6 56. Kxa3 Kf8 57. f6 (57. Kxa4 Ke7 58. Kb5 Kxd7 $1 59. Kxb6 Ke7 60. Kc5 c3 $10) 57... c3 58. Nxc3 Kf7 59. Kxa4 Bd8 60. Kb5 Kxf6 61. Kc6 Ke6 1/2-1/2

[Event "FRA-chT Top 12"]
[Site "Montpellier"]
[Date "2015.05.31"]
[Round "2.3"]
[White "Postny, Evgeny"]
[Black "Sokolov, Ivan"]
[Result "0-1"]
[WhiteElo "2630"]
[BlackElo "2623"]
[Annotator "ChessBase II"]
[PlyCount "80"]
[EventDate "2015.05.30"]
[EventType "team-tourn"]
[EventRounds "11"]
[EventCountry "FRA"]
[SourceTitle "CBM 166 Extra"]
[Source "ChessBase"]
[SourceDate "2015.06.18"]
[SourceVersion "1"]
[SourceVersionDate "2015.06.18"]
[SourceQuality "1"]
[WhiteTeam "Metz Fischer"]
[BlackTeam "Chalons-en-champagne"]
[WhiteTeamCountry "FRA"]
[BlackTeamCountry "FRA"]

1. d4 Nf6 2. c4 e6 3. Nf3 d5 4. Nc3 Nbd7 5. Bf4 Bb4 6. cxd5 exd5 7. e3 Ne4 8. Qc2 g5 9. Bg3 h5 10. Bd3 (10. h3 Qf6 11. Bd3 Bxc3+ 12. bxc3 Nxg3 13. fxg3 g4 14. hxg4 hxg4 15. Nh4 Nb6 16. Qf2 Qxf2+ 17. Kxf2 Be6 18. Nf5 Kd7 19. Rh4 Rhg8 20. Ke2 Nc8 21. Rf1 Nd6 22. Nxd6 Kxd6 23. Bf5 Rg5 24. Bxe6 Kxe6 25. Rh7 Rf8 26. a4 b6 27. Kd3 c5 28. Rh6+ f6 29. Rh7 Rf5 30. Rf4 c4+ 31. Ke2 Rxf4 32. gxf4 Kf5 33. Rd7 Ke4 34. Re7+ Kf5 35. Rd7 Ke4 36. Re7+ Kf5 37. Rd7 {½-½ (38) Vachier Lagrave,M (2723)-Grischuk,A (2781) Stavanger 2015}) 10... h4 11. Bxe4 dxe4 12. Qxe4+ Kf8 13. Be5 f6 14. Qg6 $146 (14. Nxg5 Bxc3+ 15. bxc3 Nxe5 16. dxe5 fxg5 17. f4 Rb8 18. O-O Qe8 19. f5 h3 20. e6 Qc6 21. Qb4+ Qd6 22. Rfd1 Qxb4 23. cxb4 Ke7 24. Rac1 c6 25. b5 cxb5 26. Rc7+ Kf6 27. Rd5 Bxe6 28. fxe6 Kxe6 29. Rxb5 Rhc8 30. Rcc5 Rxc5 31. Rxc5 Rd8 32. gxh3 Rd1+ 33. Kg2 Rd2+ 34. Kg3 Rxa2 35. Rxg5 Rc2 36. Kf4 Rxh2 37. Rh5 a5 38. Rxa5 Rxh3 39. Rb5 Rh4+ 40. Kf3 Rh7 41. e4 Rf7+ 42. Ke3 Rd7 43. Rb1 Ke5 {Itkis,B (2490)-Kalaitzoglou,P (2160) Kallithea 2006 ½-½}) 14... fxe5 15. Nxg5 Qf6 $1 {Un coup tranquille et les Blancs n'ont pas d'attaque réelle} 16. Nh7+ Rxh7 $1 17. Qxh7 exd4 18. exd4 Qe6+ $146 ({RR} 18... Qe7+ 19. Qxe7+ Bxe7 20. O-O Nf6 21. Rfe1 Bd7 22. Rad1 Kf7 23. d5 Rg8 24. Rd4 Bh3 25. g3 hxg3 26. hxg3 Bc5 27. Rf4 Bd6 28. Rh4 Bd7 29. Ne4 Nxe4 30. Rexe4 Bf5 31. Re3 Rg5 32. Rf3 Kg7 33. Rb3 {Jablonicky,M (2428)-Lavrencic,M (2465) Trencin SVK 2025 0-1 (67)}) 19. Kd2 $6 {[%cal Ga1e1,Gh1e1]} (19. Kf1 $142 $5 Nf6 20. Qxh4 Bd7 21. Re1 $4 (21. Qh8+ Ng8 22. h4 $13 {[%csl Gh4][%cal Gf1g1,Gh4h7,Gh1h3,Gh3f3]} (22. Re1 Bb5+) 22... Re8 23. Kg1 {[%cal Gh1h3,Gh3f3]} (23. Rh3 Qe2+)) 21... Bb5+) 19... Qf6 20. Rae1 Qf4+ 21. Re3 Nf6 22. Qd3 Bf5 23. g3 Bxd3 24. gxf4 Bh7 25. Rh3 Ne4+ 26. Kc1 Be7 27. Nxe4 Bxe4 28. Re1 Bf5 29. Rb3 Bd6 30. Rb5 c5 31. Rxb7 cxd4 32. Kd1 Rc8 33. Rg1 Bc2+ 34. Ke2 d3+ 35. Ke3 Re8+ 36. Kd2 Bxf4+ 37. Kc3 Rc8+ 38. Kb4 Bxh2 39. Rg6 d2 40. Rh6 Rc7 0-1

[Event "Fujairah op-A"]
[Site "Fujairah"]
[Date "2025.08.28"]
[Round "5"]
[White "Shankland, Samuel L"]
[Black "Cheparinov, Ivan"]
[Result "1/2-1/2"]
[WhiteElo "2670"]
[BlackElo "2625"]
[PlyCount "75"]
[EventDate "2025.08.25"]
[EventType "swiss"]
[EventRounds "9"]
[EventCountry "UAE"]
[SourceTitle "Mega2025 Update 44"]
[Source "Chessbase"]
[SourceDate "2025.09.05"]
[SourceVersion "1"]
[SourceVersionDate "2025.09.05"]
[SourceQuality "1"]

1. d4 d5 2. c4 e6 3. Nc3 Nf6 4. cxd5 exd5 5. Bg5 Be7 6. e3 h6 7. Bh4 c6 8. Bd3 O-O 9. Nge2 {9.Bg3 is a critical line. 9.Lg3 ist die kritische Fortsetzung.} Ne8 10. Bg3 Nd6 11. O-O Re8 12. Qd2 ({RR} 12. Qc2 Bf8 13. Rae1 a5 14. Nf4 Na6 15. a3 Qf6 16. f3 b5 17. Bf2 Nc4 18. g3 Qd8 19. e4 b4 20. exd5 Rxe1 21. Rxe1 Nd6 22. Na4 cxd5 23. Nxd5 Rb8 24. Nc5 Nb5 25. Bxb5 Rxb5 26. Qc4 Rb8 {Maghsoodloo,P (2721)-Carlsen,M (2856) Mayrhofen 2022 ½-½ (39)}) 12... Bf8 ({RR} 12... Nd7 13. Rae1 Nb6 14. f3 Ndc4 15. Qc1 Bg5 16. Nf4 Bd7 17. b3 Nd6 18. e4 dxe4 19. fxe4 Rc8 20. Qd2 c5 21. d5 c4 22. Bb1 cxb3 23. axb3 Nb5 24. Nxb5 Bxb5 25. Bd3 Bxd3 26. Qxd3 Nd7 27. Ne2 {Kreken,E (2355)-Vachier Lagrave,M (2734) chess.com INT 2026 0-1 (68)}) 13. Rae1 $146 (13. f3 Nc4 14. Bxc4 dxc4 15. e4 b5 16. a4 b4 17. Nd1 Ba6 18. Re1 Nd7 19. Qc2 {0-1 Svane,R (2629)-Moussard,J (2600) Julius Baer GenCup D3 W rapid 2024 (2.3)}) ({RR} 13. f3 Nc4 14. Bxc4 dxc4 15. e4 b5 16. a4 b4 17. Nd1 Ba6 18. Re1 Nd7 19. Qc2 Qa5 20. Ne3 Nb6 21. Red1 Rac8 22. Bf2 Rcd8 23. Ng3 Rd7 24. Ng4 b3 25. Qc1 c3 26. Be1 cxb2 27. Qxb2 Bb4 {Svane,R (2629)-Moussard,J (2600) chess.com INT 2024 0-1 (65)}) 13... a5 14. b3 Ne4 15. Nxe4 dxe4 16. Bb1 Bb4 17. Nc3 Bf5 18. f3 Nd7 19. a3 Bxc3 20. Qxc3 Qe7 21. a4 Nb6 22. Be5 f6 23. fxe4 Bh7 24. Bg3 Bxe4 25. Bxe4 Qxe4 26. Rf4 Nd5 27. Qc4 Qe6 28. Rf3 Nb4 29. Re2 Rad8 30. Bc7 Qxc4 31. bxc4 Rxd4 32. exd4 Rxe2 33. Rb3 Ra2 34. Bxa5 Nc2 35. d5 Rxa4 36. Bc3 cxd5 37. cxd5 Nd4 38. Bxd4 1/2-1/2

[Event "Tata Steel-A 87th"]
[Site "Wijk aan Zee"]
[Date "2025.01.31"]
[Round "11"]
[White "Caruana, Fabiano"]
[Black "Praggnanandhaa, Rameshbabu"]
[Result "0-1"]
[WhiteElo "2803"]
[BlackElo "2741"]
[PlyCount "74"]
[EventDate "2025.01.18"]
[EventType "tourn"]
[EventRounds "13"]
[EventCountry "NED"]
[EventCategory "19"]
[SourceTitle "Mega2025 Update 14"]
[Source "Chessbase"]
[SourceDate "2025.02.07"]
[SourceVersion "1"]
[SourceVersionDate "2025.02.07"]
[SourceQuality "1"]

1. c4 e6 2. Nc3 d5 3. d4 Nf6 4. cxd5 exd5 5. Bg5 c6 6. e3 Bd6 7. Bd3 O-O 8. Nge2 Re8 9. h3 Nbd7 10. Qc2 ({RR} 10. O-O Nf8 11. Qd2 Ne6 12. Bh4 Be7 13. Qc2 h6 14. Bg3 Bd7 15. a4 Rc8 16. a5 c5 17. dxc5 Bxc5 18. Rfd1 d4 19. exd4 Nxd4 20. Nxd4 Bxd4 21. Qb3 Be5 22. Bc4 Bxg3 23. Bxf7+ Kh8 24. Bxe8 Qxe8 {Daaevik Wadhawan (2370)-Gunawardhana,D (2272) Budapest HUN 2026 1-0 (44)}) 10... Nf8 11. O-O-O b5 $5 $146 {[%mdl 8] An interesting novelty. Eine interessante Neuerung.} (11... a5 12. g4 b5 13. Bf4 a4 14. Kb1 Ba6 15. Bxd6 Qxd6 16. Ng3 N6d7 17. Nf5 Qb8 {1-0 Grebnev,A (2486)-Popov,I (2627) Moscow Dvoretsky Memorial 2022 (3.3)}) 12. Kb1 a5 $146 ({RR} 12... Be7 13. Bf4 a5 14. g4 Ba6 15. f3 a4 16. Ng3 g6 17. h4 Qa5 18. Nce2 b4 19. Bxa6 b3 20. Qxc6 Rxa6 21. Bc7 bxa2+ 22. Kxa2 Qb4 23. Qxa6 Qb3+ 24. Kb1 a3 25. Rd2 axb2 26. Rd3 Qb4 27. Nc3 {Aravindh,C (2703)-Madaminov,M (2552) Doha QAT 2025 1-0 (59)}) 13. f3 Be7 14. Bxf6 Bxf6 15. e4 a4 16. a3 b4 17. axb4 a3 18. b3 Qb6 19. Ka2 dxe4 20. fxe4 Bxd4 21. Nxd4 Qxd4 22. b5 Bd7 23. Bc4 Qa7 24. bxc6 Bxc6 25. Rhf1 Re7 26. Nd5 Rb7 27. Rf5 Rc8 28. Qd3 Ne6 29. Rdf1 Be8 30. R5f2 Qb8 31. Rc2 Nc5 32. Qe3 Nxb3 33. Rb1 Ba4 34. Bd3 Nc5 35. Ne7+ Kh8 36. Rxb7 Qxb7 37. Ba6 Qxe7 0-1

[Event "40th ECC Open 2025"]
[Site "Rhodes GRE"]
[Date "2025.10.25"]
[Round "7.41"]
[White "Yuffa, D."]
[Black "Deac, Bogdan-Daniel"]
[Result "0-1"]
[WhiteElo "2621"]
[BlackElo "2655"]
[PlyCount "98"]
[EventDate "2025.10.19"]
[EventType "team"]
[WhiteTeam "Tuxera Aquaprofit Nagykanizsai Sakk Klub"]
[BlackTeam "SuperChess"]

1. c4 e6 2. Nc3 d5 3. d4 Nf6 4. cxd5 exd5 5. Bg5 Be7 6. e3 h6 7. Bh4 O-O 8. Bd3 Re8 9. Nge2 c6 10. O-O a5 11. Rc1 Nbd7 12. f3 b5 13. Bf2 Ba6 14. Nf4 ({RR} 14. Ng3 Bf8 15. Nce2 c5 16. h3 Qb8 17. dxc5 Nxc5 18. Bb1 b4 19. Re1 Ne6 20. Nf5 g6 21. Nfd4 Ng5 22. Nc6 Qb7 23. Ned4 Qd7 24. h4 Ne6 25. Nxe6 Qxe6 26. Nxa5 Bd6 27. Nc6 Bb7 28. Nd4 Qe5 {Galaviz Medina,S (2514)-Kravtsiv,M (2598) chess.com INT 2026 0-1 (71)}) 14... Bd6 15. Nce2 $146 ({RR} 15. Re1 Nb6 ({RR} 15... a4 16. Nce2 c5 17. dxc5 Nxc5 18. Bb1 Ne6 19. Qd2 b4 20. b3 axb3 21. axb3 Qb8) 16. b3 b4 17. Nce2 Bxd3 18. Nxd3 Rc8 19. Ng3 Nbd7 20. Re2 Qb6 21. Rec2 g6 22. Ne2 Qb5 23. Qd2 Rc7 24. Bg3 Bxg3 25. hxg3 h5 26. Nef4 Kg7 27. Nc5 Nf8 28. Nfd3 N8d7 29. Kf2 Rcc8 {Yu Yangyi (2714)-Ma Qun (2610) Nanjing CHN 2025 1-0 (55)}) ({RR} 15. Re1 Nb6 16. b3 b4 17. Nce2 Bxd3 18. Nxd3 Rc8 19. Ng3 Nbd7 20. Re2 Qb6 21. Rec2 g6 22. Ne2 Qb5 23. Qd2 Rc7 24. Bg3 Bxg3 25. hxg3 h5 26. Nef4 Kg7 27. Nc5 Nf8 28. Nfd3 N8d7 29. Kf2 Rcc8 {Yu,Y (2714)-Ma,Q (2610) Nanjing 2025 1-0 (55)}) ({RR} 15. Re1 Nb6 16. b3 b4 17. Nce2 Bxd3 18. Nxd3 Rc8 19. Ng3 Nbd7 20. Re2 Qb6 21. Rec2 g6 22. Ne2 Qb5 23. Qd2 Rc7 24. Bg3 Bxg3 25. hxg3 h5 26. Nef4 Kg7 27. Nc5 Nf8 28. Nfd3 N8d7 29. Kf2 Rcc8 {Yu Yangyi (2714)-Ma Qun (2610) Nanjing CHN 2025 1-0 (55)}) 15... c5 16. dxc5 Nxc5 17. Bb1 b4 18. Re1 Rc8 19. Nd4 Be5 20. Qd2 Rc7 21. Bg3 Qd7 22. Nh3 Bxg3 23. hxg3 Ne6 24. Nf4 Nxd4 25. Qxd4 Rec8 26. Rcd1 Bb7 27. Qb6 Rc5 28. Nd3 Rb5 29. Qd4 Qd6 30. Nf4 Qb6 31. Bf5 Rc4 32. Qe5 g5 33. Bd3 gxf4 34. Bxc4 dxc4 35. Rd6 Rxe5 36. Rxb6 fxg3 37. Rxf6 Rd5 38. Rb6 Bc8 39. e4 Rc5 40. Rc1 Be6 41. Kf1 c3 42. b3 h5 43. Ke2 h4 44. Ke3 Kg7 45. f4 Bg4 46. Rh1 c2 47. Rc1 h3 48. gxh3 Bd1 49. Rd6 Rc3+ 0-1

[Event "Rubinstein Memorial 61st"]
[Site "Polanica Zdroj"]
[Date "2025.08.16"]
[Round "1"]
[White "Aravindh, Chithambaram V R"]
[Black "Adams, Michael"]
[Result "1-0"]
[WhiteElo "2723"]
[BlackElo "2663"]
[PlyCount "126"]
[EventDate "2025.08.16"]
[EventType "tourn"]
[EventRounds "9"]
[EventCountry "POL"]
[EventCategory "16"]
[SourceTitle "Mega2025 Update 43"]
[Source "Chessbase"]
[SourceDate "2025.08.29"]
[SourceVersion "1"]
[SourceVersionDate "2025.08.29"]
[SourceQuality "1"]

1. d4 Nf6 2. c4 e6 3. Nc3 d5 4. cxd5 exd5 5. Bg5 c6 6. e3 h6 7. Bh4 Be7 8. Bd3 O-O 9. f3 {9.Bg3 is setting a new trend. 9.Lg3 setzt einen neuen Trend.} c5 10. Nge2 Nc6 11. Bc2 $146 ({RR} 11. O-O cxd4 12. exd4 Re8 13. Rc1 a6 14. Bb1 Nh5 15. Be1 Qd6 16. g4 Nf4 17. Nxf4 Qxf4 18. Nxd5 Qxd4+ 19. Qxd4 Nxd4 20. Rd1 Ne6 21. Nxe7+ Rxe7 22. f4 Rd7 23. Bg3 b5 24. f5 Nf8 25. Be4 Raa7 {Baron,T (2529)-Ben Menachem,I (2316) Israel 2020 1-0}) ({RR} 11. O-O cxd4 12. exd4 Be6 13. Kh1 Re8 14. g4 Ne4 15. Bxe7 Nxc3 16. bxc3 Rxe7 17. Qd2 Na5 18. g5 Nc4 19. Bxc4 dxc4 20. gxh6 g6 21. Qf4 Qf8 22. Ng3 f6 23. Rae1 Rae8 24. Ne4 Bf5 25. Re3 Rd8 {Mamedyarov,S (2733)-Indjic,A (2611) Viernheim GER 2025 1-0 (41)}) ({RR} 11. O-O Be6 12. Kh1 Rc8 13. Rc1 cxd4 14. exd4 Nd7 15. Bxe7 Qxe7 16. Bb1 Qd6 17. Qd3 Nf6 18. g4 Rfe8 19. Rg1 Ne7 20. Qd2 Nh7 21. Nf4 Bd7 22. Rcf1 Rc4 23. Bd3 Rc6 24. h4 a6 25. g5 Bf5 {Atalik,S (2399)-Yang,L (2131) Paracin SRB 2026 ½-½ (44)}) 11... Be6 12. O-O Rc8 13. Bf2 cxd4 14. Nxd4 Nxd4 15. Qxd4 Qa5 16. Bb3 Rfd8 17. Rfd1 Rc6 $146 (17... Bc5 18. Qd3 a6 19. Ne2 Nd7 20. Nf4 Ne5 21. Qe2 Ba7 22. Rac1 Rxc1 23. Rxc1 Ng6 24. Nxe6 fxe6 {1-0 Kiolbasa,O (2348)-Guo,Q (2367) Olympiad Women-45 2024 (6.4)}) 18. Ne2 Rdc8 19. Qd3 Qa6 20. Qxa6 Rxa6 21. Nd4 Bd7 22. Rac1 Rxc1 23. Rxc1 Ba4 24. g4 Bxb3 25. axb3 Bd6 26. Nf5 Kh7 27. Rc8 g6 28. Nxd6 Rxd6 29. Bg3 Rd7 30. Be5 Ng8 31. Bd4 b6 32. h4 f6 33. g5 hxg5 34. hxg5 Kg7 35. gxf6+ Kf7 36. Rc6 Nh6 37. Kg2 Nf5 38. Kh3 Nxd4 39. exd4 Rd8 40. b4 Rh8+ 41. Kg3 Rh1 42. b5 Rb1 43. Kf4 Re1 44. Rd6 Re2 45. b3 Re1 46. Rxd5 Kxf6 47. Rd6+ Kf7 48. Rd7+ Kf6 49. Rd6+ Kf7 50. Rc6 Re2 51. d5 Re1 52. Rc4 Kf6 53. Rd4 Rh1 54. d6 Rh4+ 55. Ke3 Rxd4 56. Kxd4 Ke6 57. d7 Kxd7 58. Kd5 Kc7 59. Ke6 Kb7 60. f4 Kb8 61. Kf6 Kc7 62. Kxg6 Kd6 63. f5 Kc5 1-0

[Event "World-ch32-KK3 Kasparov-Karpov +5-4=15"]
[Site "London/Leningrad"]
[Date "1986.08.15"]
[Round "8"]
[White "Kasparov, Garry"]
[Black "Karpov, Anatoly"]
[Result "1-0"]
[WhiteElo "2740"]
[BlackElo "2705"]
[Annotator "ChessBase"]
[PlyCount "61"]
[EventDate "1986.07.28"]
[EventType "match"]
[EventRounds "24"]
[EventCountry "URS"]
[SourceTitle "MainBase"]
[Source "ChessBase"]
[SourceDate "1999.07.01"]
[SourceVersion "2"]
[SourceVersionDate "1999.07.01"]
[SourceQuality "1"]

1. d4 d5 2. c4 e6 3. Nc3 Be7 4. cxd5 exd5 5. Bf4 Nf6 6. e3 O-O 7. Bd3 c5 8. Nf3 Nc6 9. O-O Bg4 10. dxc5 Bxc5 11. h3 Bxf3 (11... Bh5 $2 12. g4) 12. Qxf3 d4 13. Ne4 Be7 $1 14. Rad1 (14. Rfd1 $1 $14) 14... Qa5 $1 ({RR} 14... Qb6 15. b3 Rad8 16. Bg3 Rfe8 17. Nxf6+ Bxf6 18. Qf5 h6 19. Qh7+ Kf8 20. Rfe1 dxe3 21. Qh8+ Ke7 22. Qh7 Kf8 23. Kh2 g6 24. Bc4 Bg7 25. fxe3 Rxd1 26. Rxd1 Ne5 27. Bd5 Qxe3 28. Rf1 Qd3 29. Bc4 {Sarana,A (2668)-Rustemov,A (2525) chess.com INT 2026 1-0 (92)}) 15. Ng3 $5 ({RR} 15. a3 Nd5 16. Bc4 Nxf4 17. exf4 Qc7 18. Rc1 a5 19. h4 a4 20. h5 Ra5 21. g3 Qd7 22. Kg2 Rd8 23. Bd3 h6 24. Rc2 Kf8 25. Rfc1 Qe6 26. Re2 Qd5 27. g4 Re8 28. Kg3 Qd7 29. Rce1 Nd8 {Seer2.8.0 (3499)-Ethereal14.35 (3523) tcec-chess.com INT 2024 1-0 (73)}) 15... dxe3 16. fxe3 $146 ({RR} 16. Nf5 exf2+ 17. Kh1 Rfe8 18. Qg3 Nh5 19. Qg4 g6 20. Rxf2 Bf8 21. Bd2 Qc5 22. Qh4 Rad8 23. Rc1 Qb6 24. Bc4 Ne5 25. Bb3 Rd3 26. Bc3 Ng3+ 27. Nxg3 Qxf2 28. Bxe5 Rxe5 29. Rf1 Re1 30. Bxf7+ Kh8 {Gutov,A (2278)-Rustemov,A (2539) Moscow 1999 0-1 (33)}) 16... Qxa2 $1 $13 17. Nf5 Qe6 18. Bh6 Ne8 19. Qh5 g6 20. Qg4 Ne5 21. Qg3 Bf6 22. Bb5 Ng7 23. Bxg7 Bxg7 24. Rd6 Qb3 25. Nxg7 Qxb5 26. Nf5 Rad8 27. Rf6 Rd2 28. Qg5 Qxb2 29. Kh1 Kh8 30. Nd4 Rxd4 31. Qxe5 1-0